Non Democrat and Republican Us Presidents - Statistics

General Stats
  • This quiz has been taken 24 times
  • The average score is 10 of 12
Answer Stats
Party Answer % Correct
Unaffiliated/Independent George Washington
100%
Federalist John Adams
96%
Democrat Republican John Quincy Adams
96%
Democrat Republican Thomas Jefferson
92%
National Union Abraham Lincoln
88%
Democrat Republican James Madison
83%
Democrat Republican James Monroe
79%
Whig Zachary Taylor
79%
National Union Andrew Johnson
71%
Whig John Tyler
71%
Whig William Harrison
71%
Whig Millard Filmore
38%
No matching quizzes found
Score Distribution
Percent of People with Each Score
Percentile by Number Answered
Your Score History
You have not taken this quiz